000 01021nam a22001937a 4500
005 20250922125933.0
008 131007t mx ||||| |||| 00| 0 spa d
050 0 4 _aF1391.M8.8
_bR36 1981
100 1 _aRamírez Romero, Esperanza,
_d[1937- ]
245 1 0 _aCatálogos de construcciones artísticas, civiles y religiosas de Morelia /
_cEsperanza Ramírez Romero.
250 _aPrimera edición.
260 _aMéxico :
_bUMSNH, División de Ciencias y Humanidades, Departamento de Investigaciones Artísticas : FONAPAS,
_c1981.
300 _axxi, 398 paginas. :
_bilustraciones., planos, 19 h. plegs. ;
_c21x 28 cm.
504 _aIncluye apéndice, bibliografía e índice
650 7 _2lemb
_aArquitectura religiosa
_xDiseños y planos
_zMorelia (Michoacán de Ocampo)
_zMéxico
_vCatálogos
650 7 _2lemb
_aArquitectura civil
_xDiseños y planos
_zMorelia (Michoacán de Ocampo)
_zMéxico
_vCatálogos
651 7 _2lemb
_aMorelia (Michoacán de Ocampo)
_zMéxico
_xEdificios, estructuras
_vCatálogos
942 _2lcc
_cLIB
999 _c42655
_d42655